Apuntes de Electrotécnia (Record no. 24947)

MARC details
000 -LEADER
campo de control de longitud fija 00550nam a2200169 i 4500
001 - NÚMERO DE CONTROL
campo de control 24947
003 - IDENTIFICADOR DE NÚMERO DE CONTROL
campo de control ES-MaACL
007 - CAMPO FIJO DE DESCRIPCIÓN FÍSICA--INFORMACIÓN GENERAL
campo de control de longitud fija t|
008 - DATOS DE LONGITUD FIJA--INFORMACIÓN GENERAL
campo de control de longitud fija 021219s1957 sp ||||1| spa d
245 00 - MENCIÓN DEL TÍTULO
Título Apuntes de Electrotécnia
Resto del título : (Sección de Mecánica) : Segunda parte.
260 ## - PUBLICACIÓN, DISTRIBUCIÓN, ETC.
Lugar de publicación, distribución, etc. [Vitoria :
Nombre del editor, distribuidor, etc. s.n.,
Fecha de publicación, distribución, etc. 1957] (
Fabricante Talls. Tip. de "Jesús Obrero")
300 ## - DESCRIPCIÓN FÍSICA
Extensión 115 p. ;
Dimensiones 21 cm.
490 1# - MENCIÓN DE SERIE
Mención de serie Colección de apuntes privados Jesús Obrero
830 0# - PUNTO DE ACCESO ADICIONAL DE SERIE-TÍTULO UNIFORME
Título uniforme Colección de apuntes privados Jesús Obrero
9 (RLIN) 180937
852 ## - LOCALIZACIÓN
Ubicación ES-MaACL
Número de control de estantería E-3527
Holdings
Estatus retirado Estado de pérdida Estado de daño No para préstamo Biblioteca de origen Biblioteca actual Ubicación en estantería Fecha de adquisición Fuente de adquisición Total de préstamos Signatura topográfica completa Código de barras Visto por última vez Precio de reemplazo Tipo de ítem Koha
        Biblioteca del Ateneo de Madrid Biblioteca del Ateneo de Madrid Depósito 2 17/01/2008     E-3527 1025720 23/02/2023 23/02/2023 Libro impreso